01192nam a2200301 a 450000100100000000500170001000800410002702000180006804000250008608200180011110000230012924501610015226000960031330000210040949000330043050000340046350000320049750400310052950000570056050000730061765000230069065000160071365000170072970000300074670000330077671000490080983000320085800004893620251113124908.0190314s2016 dr 001 0 spa d a9789945590487 aDO-SdBNPbspacBNPHU a303.32bV715r1 aVillamán, Marcos10aRepensar los caminos :binclusión, ciudadanía y democracia /cMarcos Villamán ; notas del editor Pedro José Ortega ; prólogo Leopoldo Artiles Gil. aSanto Domingo :bFUNGLODE,bInstituto Global de Altos Estudios en Ciencias Sociales,c2016. a380 p. ;c23 cm.1 aPensamiento Latinoamericano; aIncluye índice de conceptos aIncluye índice de nombres aBibliografía: p. 353-367 aIncluye datos biográficos del autor en las solapas aIncluye referencias bibliográficas y notas al pie de las páginas 4aInclusión social 0aDemocracia  0aCiudadanía12aOrtega, Pedro Joséeed.12aArtiles Gil, Leopoldoeprol.22aFundación Global Democracía y Desarrollo 0aPensamiento Latinoamericano